|
|
|
|
| LEADER |
00964nam a2200301 4500 |
| 001 |
DLU090093343 |
| 005 |
##20091201 |
| 040 |
# |
# |
|a DLU
|b eng
|
| 041 |
# |
# |
|a eng
|
| 044 |
# |
# |
|a jp
|
| 100 |
# |
# |
|a Wang, Gengsheng.
|
| 245 |
# |
# |
|a Necessary conditions of optimal control governed by some semilinear elliptic differential equations /
|c Gengsheng Wang, Lijuan Wang.
|
| 653 |
# |
# |
|a Minimal positive solutions
|
| 653 |
# |
# |
|a Optimal control
|
| 653 |
# |
# |
|a Potryagins principles
|
| 653 |
# |
# |
|a Semilinear elliptic equations
|
| 653 |
# |
# |
|a State constraint
|
| 700 |
# |
# |
|a Wang, Lijuan.
|
| 773 |
# |
# |
|t Advances in Mathematical Sciences and Applications
|g Vol. 11, no. 1 (2001), p. 39-55
|
| 920 |
# |
# |
|a Phòng Tạp chí -- Trung tâm Thông tin - Thư viện Trường Đại học Đà Lạt
|
| 994 |
# |
# |
|a DLU
|
| 900 |
# |
# |
|a True
|
| 911 |
# |
# |
|a Trương Bảo Trâm Anh
|
| 925 |
# |
# |
|a G
|
| 926 |
# |
# |
|a A
|
| 927 |
# |
# |
|a BB
|
| 980 |
# |
# |
|a Thư viện Trường Đại học Đà Lạt
|